000 01256nam a2200253Ia 4500
003 GCL
008 140319s9999 xx 000 0 ara d
040 _aGCL /
_cGCL
082 0 4 _a214.323
_bا ح
100 1 _aرضوان السيد
245 1 0 _aحقوق الانسان والخطابات الدينية :
_bكيف نستفيد من خبرات العالم الاسلامى غير العربى - اعمال مؤتمر حقوق الانسان وتجديد الخطاب الدينى : كيف نستفيد من خبرات العالم الاسلامى غير العربى ؟ ( الاسكندرية 18 - 20 ابريل 2006 ) /
_cرضوان السيد
700 1 _aاذار، ماردى ازيو
700 1 _aصلاح الدين الجورشى
250 _aالاولى
260 _aالقاهرة :
_bمركز القاهرة لدراسات حقوق الانسان ،
_c2006
300 _a473 ص ؛
_c24 سم
490 _aسلسلة قضايا الاصلاح
_v12
650 0 4 _aالحقوق السياسية
650 0 4 _aحقوق الانسان
650 0 4 _aالاسلام والاصلاح الدينى
650 0 4 _aالاسلام والاصلاح السياسى
650 0 4 _aالاسلام وحقوق الانسان
942 _2ddc
_cBK
999 _c8985
_d8985